| 000 | 00923nam a2200241 a 4500 | ||
|---|---|---|---|
| 001 | 000024842 | ||
| 005 | 20200930023413.0 | ||
| 008 | 110204s1951 sp r 000 0 spa d | ||
| 040 |
_aDO-SdBNP _bspa _cBNPHU |
||
| 082 |
_axxxx _bA454c |
||
| 100 | 1 |
_aAlonso Maluenda, Jacinto _950987 |
|
| 245 | 1 | 0 |
_aCozquilla del gusto / _cJacinto Alonso Maluenda ; edición Eduardo Juliá Martínez. |
| 260 |
_aMadrid : _bTipográfica, _c1951. |
||
| 300 |
_av. ; _c17.5 cm. |
||
| 490 | 1 |
_aBiblioteca de antiguos libros hispánicos, serie A ; _v16 |
|
| 500 | _aIncluye nota bibliográfica. | ||
| 500 | _aBiblioteca posee vol. 1. | ||
| 500 | _aIncluye notas al pie de las páginas. | ||
| 700 | 1 |
_aJuliá Martínez, Eduardo, _eed. _950988 |
|
| 710 | 2 |
_aInstituto MIguel de Cervantes, _bConsejo Superior de Investigaciones Científicas _950989 |
|
| 830 | 0 |
_aBiblioteca de antiguos libros hispánicos, serie A ; _n16 _950990 |
|
| 049 | _aBNGR | ||
| 999 |
_c24335 _d24335 |
||